100 Phobias - Statistics

General Stats
  • This quiz has been taken 184 times
  • The average score is 30 of 100
Answer Stats
Phobia Answer % Correct
Arachnophobia Spiders
88%
Bacteriophobia Bacteria
83%
Hydrophobia Water
83%
Acrophobia | Batophobia Heights
77%
Zoophobia Animals
74%
Microphobia Small
73%
Necrophobia Death
69%
Botanophobia Plants
68%
Bibliophobia Books
67%
Aviphobia | Aerophobia Flying
67%
Haemophobia Blood
63%
Pyrophobia Fire
61%
Technophobia Technology
61%
Ornithophobia Birds
57%
Megalophobia Big
56%
Agoraphobia Open Spaces
56%
Nyctophobia The Dark | Darkness
54%
Heliophobia The Sun
53%
Claustrophobia Confined Spaces
51%
Cynophobia Dogs
51%
Octophobia 8
50%
Somniphobia Sleep
50%
Xenophobia Strangers | Foreigners
50%
Equinophobia Horses
49%
Hippomonstrosesquippdaliophobia Long Words (Ironic)
49%
Symmetrophobia Symmetry
48%
Phobophobia Fear
47%
Hypochondria Illnesses
45%
Ophidiophobia Snakes
45%
Paedophobia Children
44%
Trypophobia Holes
43%
Gynophobia Women
43%
Elurophobia Cats
41%
Dentophobia Dentists
41%
Glossophobia Public Speaking
40%
Daemonophobia Demons
39%
Asymmetrophobia Asymmetry
38%
Panphobia Everything
38%
Wiccaphobia Witches
38%
Siderophobia Stars
37%
Cyberphobia Computers
35%
Podophobia Feet
35%
Papyrophobia Paper
34%
Thalassophobia The Sea
31%
Astraphobia Thunder
31%
Arithmophobia Maths
30%
Neophobia New Things
29%
Philophobia Love
28%
Amaxophobia Riding in a Car
28%
Emetophobia Vomiting
28%
Leukophobia White
28%
Melanophobia Black
27%
Iatrophobia Doctors
21%
Chorophobia Dancing
20%
Samhainophobia Halloween
20%
Trypanophobia Needles
20%
Chaetophobia Hair
19%
Ablutophobia Bathing
18%
Herpetophobia Reptiles
18%
Globophobia Balloons
17%
Gamophobia Marriage
16%
Algophobia Pain
16%
Aliumphobia Garlic
15%
Chionophobia Snow
15%
Aurophobia Gold
14%
Ergophobia Work
14%
Xanthaphobia Yellow
14%
Pogonophobia Beards
13%
Logophobia Reading
12%
Plutophobia Wealth
12%
Eisoptrophobia Mirrors
11%
Aibohphobia Palindromes
11%
Cacophobia Ugliness
11%
Omphalophobia Belly-Buttons
10%
Barophobia Gravity
10%
Tacophobia Speed
10%
Kinemortophobia Zombies
10%
Aulophobia Flutes
9%
Venustraphobia Beautiful Women
8%
Lipophobia Becoming Fat | Fatness
8%
Genuphobia Knees
8%
Oikophobia Houses
7%
Koumpounophobia Rooms
7%
Turophobia Cheese
6%
Kakorrhaphiophobia Failure
6%
Anitadaephobia Geese
6%
Mortuusequusphobia Ketchup
6%
Dystichiphobia Accidents
5%
Optophobia Opening Eyes
5%
Zuigerphobia Vacuum Cleaners
5%
Deipnophobia Dinner Conversations
4%
Geliophobia Laughter
4%
Pentheraphobia Mother-In-Law
4%
Ostraconophobia Shellfish
4%
Kathisophobia Sitting
4%
Linonophobia String
4%
Taphephobia Burials
3%
Eleutherophobia Freedom
3%
Nomophobia Being Without Your Phone
2%
Geniophobia Chins
2%
No matching quizzes found
Score Distribution
Percent of People with Each Score
Percentile by Number Answered
Your Score History
You have not taken this quiz